| 000 | 004640000a22001690004500 | ||
|---|---|---|---|
| 003 | MACL | ||
| 005 | 20151230125932.0 | ||
| 008 | 151230b xxu||||| |||| 00| 0 eng d | ||
| 040 |
_aMACL _cMACL |
||
| 041 | _aEnglish | ||
| 082 | _a321/CHA | ||
| 100 |
_aGovernment Of India _924813 |
||
| 245 | _aThe President and The Council of Ministers | ||
| 260 |
_bInstitute of Constitutionla _c1971 _aNew Delhi |
||
| 650 |
_aPolitical Science _988 |
||
| 942 |
_cBK _k321/Sha _2ddc |
||
| 999 |
_c35564 _d35564 |
||